<?xml version="1.0" encoding="UTF-8"?>
<marc:record xmlns:marc="http://www.loc.gov/MARC21/slim">
   <marc:leader>00000nam a2200000 a 4500</marc:leader>
   <marc:datafield ind1="1" ind2=" " tag="100">
      <marc:subfield code="a">Faber, Dietrich</marc:subfield>
      <marc:subfield code="4">aut</marc:subfield>
      <marc:subfield code="e">Verfasser/-in</marc:subfield>
   </marc:datafield>
   <marc:datafield ind1="0" ind2="0" tag="245">
      <marc:subfield code="a">Toter geht's nicht</marc:subfield>
   </marc:datafield>
   <marc:datafield ind1="0" ind2="0" tag="245">
      <marc:subfield code="b">Bröhmanns erster Fall ; Kriminalroman</marc:subfield>
   </marc:datafield>
   <marc:datafield ind1="0" ind2="0" tag="245">
      <marc:subfield code="c">Dietrich Faber</marc:subfield>
   </marc:datafield>
   <marc:datafield ind1=" " ind2="1" tag="264">
      <marc:subfield code="a">Reinbek bei Hamburg</marc:subfield>
      <marc:subfield code="b">Rowohlt-Taschenbuch-Verl.</marc:subfield>
      <marc:subfield code="c">2013</marc:subfield>
   </marc:datafield>
   <marc:datafield ind1="1" ind2=" " tag="520">
      <marc:subfield code="a">Angaben aus der Verlagsmeldung

Toter geht's nicht : Bröhmanns erster Fall Faber, Toter geht's nicht / von Dietrich Faber

Faschingszug im Vogelsberg: Jubel, Trubel, Heiterkeit, und am Ende wird ein Mann erschlagen. Der Tote war verkleidet: als Tod. Kommissar Bröhmann passt das gar nicht. Er ist nämlich gerade von seiner Frau verlassen worden und muss sich nun um Kinder, Haus und Hund kümmern. Die Ermittlungen führen zu einem fiesen Schlagerstar, jahrzehntelang totgeschwiegenen Schweinereien, einem Verhör in einer Sauna und zu einem überraschenden Finale …
</marc:subfield>
   </marc:datafield>
   <marc:datafield ind1=" " ind2=" " tag="020">
      <marc:subfield code="a">9783499258251</marc:subfield>
      <marc:subfield code="9">9783499258251</marc:subfield>
   </marc:datafield>
   <marc:datafield ind1=" " ind2=" " tag="020">
      <marc:subfield code="a">3499258250</marc:subfield>
      <marc:subfield code="9">3499258250</marc:subfield>
   </marc:datafield>
   <marc:datafield ind1=" " ind2=" " tag="300">
      <marc:subfield code="a">303 S.</marc:subfield>
   </marc:datafield>
</marc:record>
